00757nam a22001697a 4500003000900000008004100009040007100050082001800121100002200139245020300161260005800364300002800422505006600450650002300516650002100539650002700560AR-CdUCM190427b ||||| |||| 00| 0 spa d aMUNICIPALIDAD PROVINCIAL DEL CUSCOcBIBLIOTECA MUNICIPAL DEL CUSCO a980.01 /bA18 aAcosta, José de aHistoria natural y moral de las Indias :ben que se tratan de las cosas notables del cielo, elementos, metales, plantas y animales dellas, y los ritos, y ceremonias, leyes y gobierno de los indios / aMéxico, D.F :bFondo de Cultura Económica,c1940. a638 páginas ;c23 cm. aContenido: Libro primero -- Libro segundo -- Libro tercero... aCiencias naturales aAmérica Latina aDescripciones y viajes